Names in countries - Statistics

General Stats
  • This quiz has been taken 114 times
  • The average score is 10 of 15
Answer Stats
Hint Answer % Correct
Fran France
94%
Philip Philippines
93%
Sierrra & Leon Sierra Leone
92%
Vincent Saint Vincent and the Grenadines
89%
Olivia Bolivia
86%
Mark Denmark
78%
Gary Hungary
75%
Name Suriname
67%
Tina Argentina
64%
Sam Samoa
60%
Ben Benin
55%
J.. Jordan
54%
King United Kingdom
43%
Toni Estonia
36%
C.. Chad
34%
No matching quizzes found
Score Distribution
Percent of People with Each Score
Percentile by Number Answered
Your Score History
You have not taken this quiz